Ανεβαίνοντας το μονοπάτι των λυκόπουλων

Αποθηκεύτηκε σε:
Λεπτομέρειες βιβλιογραφικής εγγραφής
Συγγραφή απο Οργανισμό/Αρχή: Σώμα Ελλήνων Προσκόπων
Άλλοι συγγραφείς: Μακρίδης, Δημήτρης Α., 1909- (Συγγραφέας εισαγωγής κ.λπ.)
Μορφή: Βιβλίο
Γλώσσα:Greek
Δημοσίευση: Αθήνα : Προσκοπικό πρατήριο, 1967
Θέματα:
Ετικέτες: Προσθήκη ετικέτας
Δεν υπάρχουν, Καταχωρήστε ετικέτα πρώτοι!

MARC

LEADER 00000cam a2200000 i 4500
001 1/93692
008 080912s1967 gre d
035 |l 10100081 
040 |a GR-MY-UA  |b gre  |e aacr 
041 0 |a gre 
082 0 |a 369.43  |2 (22) 
110 2 |a Σώμα Ελλήνων Προσκόπων. 
245 1 0 |a Ανεβαίνοντας το μονοπάτι των λυκόπουλων /  |c Σώμα Ελλήνων Προσκόπων ; πρόλογος: Δημ. Α. Μακρίδη 
260 |a Αθήνα :   |b Προσκοπικό πρατήριο,   |c 1967 
300 |a 145 σ.;  |b εικ.;  |c 16 εκ. 
500 |a "Υπό την γενικήν αρχηγίαν της Α. Μ. του Βασιλέως" 
500 |a Περιέχει 3 αναδιπλούμενα φύλλα με κείμενο και εικόνες 
650 0 0 |a Scouting (Youth activity) 
650 0 0 |a Youth  |x Attitudes. 
650 0 0 |a Boy Scouts. 
700 1 |a Μακρίδης, Δημήτρης Α.,   |d 1909-  |4 aui 
852 |a INST  |b RHODES  |c AKA  |e 20080912  |h  369.43 ΣΩΜ  |p 005400028459  |q 005400028459  |t BK  |y 0 
901 |a BIBL4-2008-3 
909 |a Ρ  |b 152967 
970 |a ΧΑΡΙΟΠΟΛΙΤΟΥ  |b ΚΩΝΣΤΑΝΤΙΝΑ  |z 2008/09/12